[Event "BIH-chT1A 28th"]
[Site "Mostar"]
[Date "2021.08.11"]
[Round "9.3"]
[White "Hajdarevic, Samir"]
[Black "Bajramovic, Halid"]
[Result "1/2-1/2"]
[WhiteElo "2124"]
[BlackElo "2059"]
[PlyCount "20"]
[EventDate "2021.08.06"]
[EventType "team-tourn"]
[EventRounds "9"]
[EventCountry "BIH"]
[SourceTitle "CBM 203 Extra"]
[Source "ChessBase"]
[SourceDate "2021.09.30"]
[SourceVersion "1"]
[SourceVersionDate "2021.09.30"]
[SourceQuality "1"]
[WhiteTeam "Zenica Celik"]
[BlackTeam "Zenica Preporod"]
[WhiteTeamCountry "BIH"]
[BlackTeamCountry "BIH"]

1. Nf3 d5 2. d4 c5 3. dxc5 Nf6 4. g3 Nc6 5. Bg2 Qa5+ 6. c3 Qxc5 7. 0-0 e5 8. b4 Qd6 9. Bb2 Be7 10. Nbd2 Bg4 1/2-1/2

[Event "Zenica op"]
[Site "Zenica"]
[Date "2013.09.06"]
[Round "2"]
[White "Cabric, Izet"]
[Black "Hajdarevic, Samir"]
[Result "0-1"]
[WhiteElo "1944"]
[BlackElo "2101"]
[PlyCount "84"]
[EventDate "2013.09.05"]
[EventType "swiss"]
[EventRounds "7"]
[EventCountry "BIH"]
[SourceTitle "CBM 156 Extra"]
[Source "ChessBase"]
[SourceDate "2013.10.22"]
[SourceVersion "1"]
[SourceVersionDate "2013.10.22"]
[SourceQuality "1"]

1. e4 c5 2. Nf3 d6 3. c3 Nf6 4. Be2 Nc6 5. d3 g6 6. 0-0 Bg7 7. Re1 0-0 8. h3 e5 9. Be3 b6 10. Qd2 d5 11. exd5 Nxd5 12. Bh6 Re8 13. Bxg7 Kxg7 14. Bf1 Nf4 15. Nxe5 Nxh3+ 16. gxh3 Nxe5 17. Bg2 Bxh3 18. f4 Bxg2 19. fxe5 Bb7 20. Qe3 Qd5 21. Qg3 Rad8 22. Re3 Qh1+ 23. Kf2 h5 24. e6 Re7 25. Qe5+ f6 26. Qg3 Rd5 27. Qh3 Rf5+ 28. Ke2 Qxh3 29. Rxh3 Rxe6+ 30. Re3 Bf3+ 31. Kd2 Bd5 32. Rxe6 Bxe6 33. c4 Rf2+ 34. Kc3 h4 35. Nd2 f5 36. a4 g5 37. a5 g4 38. axb6 axb6 39. d4 cxd4+ 40. Kd3 h3 41. Rh1 Rxd2+ 42. Kxd2 Bxc4 0-1

[Event "Zenica op"]
[Site "Zenica"]
[Date "2013.09.05"]
[Round "1"]
[White "Hajdarevic, Samir"]
[Black "Dizdarevic, Emir"]
[Result "0-1"]
[WhiteElo "2101"]
[BlackElo "2495"]
[PlyCount "64"]
[EventDate "2013.09.05"]
[EventType "swiss"]
[EventRounds "7"]
[EventCountry "BIH"]
[SourceTitle "CBM 156 Extra"]
[Source "ChessBase"]
[SourceDate "2013.10.22"]
[SourceVersion "1"]
[SourceVersionDate "2013.10.22"]
[SourceQuality "1"]

1. d4 d5 2. Nf3 Nf6 3. e3 g6 4. Bd3 Bg7 5. 0-0 0-0 6. Nbd2 c5 7. b3 cxd4 8. exd4 Nc6 9. Bb2 Nb4 10. Be2 Bf5 11. c4 Rc8 12. Bc3 Nc6 13. c5 Ne4 14. Qc1 b6 15. Ba6 Rc7 16. b4 bxc5 17. bxc5 e5 18. Nxe4 exd4 19. Nd6 dxc3 20. Nxf5 gxf5 21. Qf4 Ne7 22. Rae1 Rxc5 23. Bd3 d4 24. h4 Ng6 25. Qg3 Qb8 26. Qg5 Qf4 27. Rc1 Bh6 28. Qf6 Qg4 29. Rc2 Nf4 30. Ne1 Bg7 31. Qd6 Re5 32. g3 Rxe1 0-1

[Event "Gorazde op"]
[Site "Gorazde"]
[Date "2011.09.17"]
[Round "6"]
[White "Sadikovic, Jasmin"]
[Black "Hajdarevic, Samir"]
[Result "1/2-1/2"]
[WhiteElo "2106"]
[BlackElo "2131"]
[PlyCount "86"]
[EventDate "2011.09.15"]
[EventType "swiss"]
[EventRounds "7"]
[EventCountry "BIH"]
[SourceTitle "CBM 144 Extra"]
[Source "ChessBase"]
[SourceDate "2011.10.28"]
[SourceVersion "1"]
[SourceVersionDate "2011.10.28"]
[SourceQuality "1"]

1. e4 e5 2. Nf3 Nc6 3. Bc4 Bc5 4. c3 Nf6 5. d4 exd4 6. cxd4 Bb4+ 7. Bd2 Bxd2+ 8. Nbxd2 d5 9. exd5 Nxd5 10. 0-0 0-0 11. h3 Bf5 12. Nb3 Qd6 13. Ne5 Nce7 14. Qf3 c6 15. Rfe1 a5 16. a4 f6 17. Ng4 Bg6 18. Rac1 Bf7 19. Nc5 Rab8 20. Ne4 Qb4 21. Qg3 Kh8 22. Nc5 Rfd8 23. Rxe7 Nxe7 24. Bxf7 Nf5 25. Qc3 Rxd4 26. Qxb4 axb4 27. Be6 Ne7 28. Ne3 b6 29. Nb3 Rd6 30. Bg4 Rd3 31. Na1 g6 32. b3 f5 33. Be2 Rd2 34. Kf1 c5 35. Nc4 Ra2 36. Bf3 Kg7 37. g3 Rd8 38. Be2 Nd5 39. Bf3 Nc3 40. Nc2 Rd3 41. Ne1 Rd4 42. Rc2 Ra1 43. Rd2 Kf6 1/2-1/2

[Event "Gorazde op"]
[Site "Gorazde"]
[Date "2011.09.15"]
[Round "1"]
[White "Hajdarevic, Samir"]
[Black "Delic, Jasmin"]
[Result "1/2-1/2"]
[WhiteElo "2131"]
[BlackElo "1822"]
[PlyCount "79"]
[EventDate "2011.09.15"]
[EventType "swiss"]
[EventRounds "7"]
[EventCountry "BIH"]
[SourceTitle "CBM 144 Extra"]
[Source "ChessBase"]
[SourceDate "2011.10.28"]
[SourceVersion "1"]
[SourceVersionDate "2011.10.28"]
[SourceQuality "1"]

1. Nf3 Nf6 2. c4 g6 3. Nc3 Bg7 4. g3 d5 5. cxd5 Nxd5 6. Bg2 0-0 7. 0-0 c6 8. d4 Nxc3 9. bxc3 c5 10. Rb1 Nc6 11. e3 Qc7 12. Ba3 Bf5 13. Rb5 cxd4 14. cxd4 Rfc8 15. Nh4 Bd7 16. Qb1 b6 17. Rc1 Qd8 18. Rb2 Rab8 19. Bf1 Na5 20. Ba6 Rxc1+ 21. Qxc1 Bc8 22. Bf1 Bb7 23. Rc2 Rc8 24. Rxc8 Qxc8 25. Qxc8+ Bxc8 26. Bxe7 Be6 27. a3 Bc4 28. Nf3 Bxf1 29. Kxf1 Nc4 30. Ke2 Bf8 31. Bxf8 Kxf8 32. Ne5 Nxa3 33. Kd3 Ke8 34. f4 f6 35. Nc6 a5 36. e4 Kd7 37. d5 Kd6 38. Kd4 Nc2+ 39. Kc3 Na3 40. Kd4 1/2-1/2

[Event "Sarajevo Bosna op 41st"]
[Site "Sarajevo"]
[Date "2011.05.10"]
[Round "7"]
[White "Strinic, Halid"]
[Black "Hajdarevic, Samir"]
[Result "1-0"]
[WhiteElo "1903"]
[BlackElo "2143"]
[PlyCount "121"]
[EventDate "2011.05.03"]
[EventType "swiss"]
[EventRounds "9"]
[EventCountry "BIH"]
[SourceTitle "CBM 142 Extra"]
[Source "ChessBase"]
[SourceDate "2011.06.27"]
[SourceVersion "1"]
[SourceVersionDate "2011.06.27"]
[SourceQuality "1"]

1. e4 c5 2. Nf3 d6 3. d4 cxd4 4. Nxd4 Nf6 5. Bd3 a6 6. c4 Nbd7 7. Nc3 Ne5 8. Be2 e6 9. Be3 Qc7 10. f4 Ned7 11. 0-0 Be7 12. Rc1 h5 13. Kh1 b6 14. f5 Ne5 15. fxe6 fxe6 16. Qb3 Rb8 17. Bg1 Nc6 18. Qa4 Bd7 19. Qxa6 Nxd4 20. Bxd4 e5 21. Bg1 Qc6 22. Bd3 h4 23. Nd5 Bd8 24. Nxf6+ gxf6 25. Qb5 h3 26. Qxc6 hxg2+ 27. Kxg2 Bxc6 28. Rf3 Rb7 29. Rcf1 Rh4 30. Re1 Rbh7 31. Kf1 Bd7 32. Ree3 Ke7 33. Rg3 Bg4 34. Kg2 Be6 35. Re1 Kd7 36. b3 Kc6 37. a4 Bh3+ 38. Kf3 Rf4+ 39. Ke3 Be6 40. Kd2 Rfh4 41. Rf1 Bh3 42. Rf2 Be7 43. Kc3 Rg4 44. Rxg4 Bxg4 45. Rg2 Bf3 46. Rg3 Bh1 47. b4 Rh4 48. Rg7 Kd7 49. Bxb6 Rxh2 50. a5 Rh3 51. Kc2 Rh2+ 52. Kc1 Ra2 53. Bc2 Ke8 54. Kb1 Rxc2 55. Kxc2 Bxe4+ 56. Kc3 Kf8 57. Rg1 f5 58. b5 d5 59. cxd5 Bxd5 60. a6 f4 61. Rd1 1-0

[Event "Sarajevo Bosna op 41st"]
[Site "Sarajevo"]
[Date "2011.05.04"]
[Round "2"]
[White "Hadziselimovic, Bernardina"]
[Black "Hajdarevic, Samir"]
[Result "0-1"]
[WhiteElo "1822"]
[BlackElo "2143"]
[PlyCount "68"]
[EventDate "2011.05.03"]
[EventType "swiss"]
[EventRounds "9"]
[EventCountry "BIH"]
[SourceTitle "CBM 142 Extra"]
[Source "ChessBase"]
[SourceDate "2011.06.27"]
[SourceVersion "1"]
[SourceVersionDate "2011.06.27"]
[SourceQuality "1"]

1. e4 c5 2. Nf3 d6 3. d4 cxd4 4. Qxd4 Nc6 5. Bb5 Bd7 6. Bxc6 Bxc6 7. Nc3 Nf6 8. Bg5 e6 9. 0-0-0 h6 10. Bh4 Be7 11. e5 dxe5 12. Qxe5 Qb6 13. Nd4 g5 14. Bg3 Bxg2 15. Rhe1 Qc5 16. Qe2 Bh3 17. Be5 0-0 18. Qe3 Bg4 19. f3 Bh5 20. h4 Rfc8 21. hxg5 Nd5 22. Nxd5 Qxd5 23. gxh6 Kh7 24. Rg1 Bg6 25. Rd2 Qxa2 26. Kd1 Rd8 27. Rxg6 fxg6 28. Bf4 Bf6 29. c3 Qd5 30. Kc2 e5 31. Bg5 exd4 32. Rxd4 Qxg5 33. Rf4 Qd5 34. Qe2 Bg5 0-1

[Event "Sarajevo Bosna op 41st"]
[Site "Sarajevo"]
[Date "2011.05.03"]
[Round "1"]
[White "Hajdarevic, Samir"]
[Black "Lafuente, Pablo"]
[Result "0-1"]
[WhiteElo "2143"]
[BlackElo "2555"]
[PlyCount "54"]
[EventDate "2011.05.03"]
[EventType "swiss"]
[EventRounds "9"]
[EventCountry "BIH"]
[SourceTitle "CBM 142 Extra"]
[Source "ChessBase"]
[SourceDate "2011.06.27"]
[SourceVersion "1"]
[SourceVersionDate "2011.06.27"]
[SourceQuality "1"]

1. d4 Nf6 2. Bg5 e6 3. e4 h6 4. Bxf6 Qxf6 5. Nf3 d5 6. e5 Qd8 7. Nbd2 c5 8. c3 Nc6 9. dxc5 Bxc5 10. Nb3 Bb6 11. Bd3 0-0 12. Bc2 f6 13. Qd3 f5 14. 0-0-0 a5 15. a3 a4 16. Nbd4 Bxd4 17. cxd4 b6 18. Kb1 Ba6 19. Qd2 Bc4 20. h4 b5 21. Rh3 b4 22. Ka1 bxa3 23. bxa3 Qe7 24. Ng1 Na5 25. Qb4 Qxb4 26. axb4 Nb3+ 27. Kb1 Rfb8 0-1

[Event "Gorazde op"]
[Site "Gorazde"]
[Date "2009.11.13"]
[Round "4"]
[White "Hajdarevic, Samir"]
[Black "Barisic, Predrag"]
[Result "1-0"]
[WhiteElo "2151"]
[BlackElo "1923"]
[PlyCount "73"]
[EventDate "2009.11.12"]
[EventType "swiss"]
[EventRounds "7"]
[EventCountry "BIH"]
[SourceTitle "EXT 2011"]
[Source "ChessBase"]
[SourceDate "2010.11.26"]
[SourceVersion "1"]
[SourceVersionDate "2010.11.26"]
[SourceQuality "1"]

1. c4 e6 2. Nf3 Nf6 3. Nc3 Be7 4. e4 d6 5. d4 Nbd7 6. Be2 0-0 7. 0-0 e5 8. Qc2 exd4 9. Nxd4 Nc5 10. b4 Ne6 11. Nf5 c5 12. a3 a5 13. bxa5 Nd4 14. Nxd4 cxd4 15. Nb5 Qxa5 16. Nxd4 Qe5 17. Bb2 Qxe4 18. Bd3 Qh4 19. Rfe1 Re8 20. Nb5 Bf8 21. Bxf6 Rxe1+ 22. Rxe1 Qxf6 23. Bxh7+ Kh8 24. Be4 Rb8 25. Qd1 Be6 26. Bd5 Bd7 27. g3 Bxb5 28. cxb5 g6 29. Re4 Bh6 30. Kg2 b6 31. a4 Rc8 32. a5 bxa5 33. b6 Rf8 34. b7 Kg8 35. Rc4 Qb2 36. Rc8 a4 37. Qc2 1-0

[Event "BIH-ch Federation"]
[Site "Kulen Vakuf"]
[Date "2009.11.07"]
[Round "6"]
[White "Hajdarevic, Samir"]
[Black "Salihovic, Amar"]
[Result "0-1"]
[WhiteElo "2151"]
[BlackElo "2077"]
[PlyCount "78"]
[EventDate "2009.11.04"]
[EventType "swiss"]
[EventRounds "7"]
[EventCountry "BIH"]
[SourceTitle "CBM 133 Extra"]
[Source "ChessBase"]
[SourceDate "2010.01.05"]
[SourceVersion "1"]
[SourceVersionDate "2010.01.05"]
[SourceQuality "1"]

1. c4 Nf6 2. Nc3 c6 3. Nf3 d5 4. e3 dxc4 5. Bxc4 b5 6. Be2 Bb7 7. d4 e6 8. 0-0 a6 9. Qc2 Nbd7 10. Rd1 Qc7 11. Bd2 Bd6 12. Rac1 c5 13. dxc5 Qxc5 14. Qb3 Qb6 15. a3 Nc5 16. Qa2 0-0 17. Be1 Rfd8 18. h3 Rac8 19. Nd4 Bb8 20. b4 Ncd7 21. Bf3 Ne5 22. Bxb7 Qxb7 23. Nb3 Nd3 24. Rxd3 Rxd3 25. Nc5 Rxc5 26. bxc5 Qc7 27. Ne2 Rd5 28. Qc2 Qh2+ 29. Kf1 Qh1+ 30. Ng1 Bh2 31. c6 Qxg1+ 32. Ke2 Qxg2 33. c7 Bxc7 34. Qxc7 h6 35. Qb8+ Kh7 36. Qg3 Qe4 37. Rc3 Qb1 38. f3 Qd1+ 39. Kf1 Rf5 0-1